000 00458nam a22001577a 4500
003 OSt
005 20151116151545.0
008 130907t xxu||||| |||| 00| 0 eng d
050 _aMT 758
_b.P173 1994
082 _aHS 786.2
_bP18 1994
245 _aAll-in- one course, lesson, theory. solo
_cWillard A. Palmer.
_bAlfred's basic piano library :
260 _aUSA :
_bAlfred Publishing,
_c1994.
300 _c30 cm.
942 _2lcc
_cBK
999 _c10568
_d10568